000 00656nam a2200157 a 4500
008 120416s1983 xx |||||||||||||| || u
050 _aHG 181 Kid
100 _aKidwell, David S
245 1 0 _aFinancial institutions, markets, and money
250 _a2nd ed.
260 _a
_bThe Dryden Press
_c1983
300 _axviii, 654p. : ill
350 _a0.00
995 _aBINDERY (DAMAGED)
_D0.00
_e708213
_FCBU-MAIN LIBRARY (Kitwe)
_H2
_I24.95
_jHG 181 KID
_M2
_UAVAILABLE
_y019004
_ZMain Library Open Access Collection
995 _aBINDERY (DAMAGED)
_D0.00
_e708212
_FCBU-MAIN LIBRARY (Kitwe)
_H1
_I24.95
_jHG 181 Kid
_M1
_UDAMAGED
_y018998
_ZMain Library Open Access Collection
999 _c63090
_d63090